Who''s afraid of financial markets? /

Bewaard in:
Bibliografische gegevens
Hoofdauteur: Arminen, Ilkka
Formaat: Texto
Tags: Voeg label toe
Geen labels, Wees de eerste die dit record labelt!

MARC

LEADER 00000 a a2200000 04500
001 41115
003
040
100 |a Arminen, Ilkka  
245 |a Who''s afraid of financial markets? /  |c Ilkka Arminen  
773 |g volumen25, número2 (2010), páginas 170-183  
999 |c 24019  |d 24019